LOVE IN THE TIME OF CHOLERA / (Record no. 6281)
[ view plain ]
| 000 -الفاتح | |
|---|---|
| حقل البيانات ثابتة الطول | 00657nam a2200229Ia 4500 |
| 008 - عناصر البيانات ثابتة الطول - معلومات عامة | |
| حقل البيانات ثابتة الطول | 140319s9999 xx 000 0 eng d |
| 020 ## - الرقم الدولى المعيارى للكتب | |
| الرقم الدولى المعيارى للكتاب | 1857152352 |
| 040 ## - مصدر الفهرسة | |
| وكالة الفهرسة الأصلية | GCL / |
| وكالة النسخ | GCL |
| 082 04 - رقم تصنيف ديوى العشرى | |
| رقم التصنيف | 863 |
| رقم المادة | M L |
| 100 1# - المدخل الرئيسى - إسم شخصى | |
| الإسم الشخصى | MARQUEZ, GABRIEL G. |
| 245 10 - بيان العنوان | |
| العنوان | LOVE IN THE TIME OF CHOLERA / |
| بيان المسئوليه,etc | MARQUEZ, GABRIEL G. |
| 700 1# - المدخل الاضافى - اسم شخصى | |
| الإسم الشخصى | GROSSMAN, EDITH |
| 700 1# - المدخل الاضافى - اسم شخصى | |
| الإسم الشخصى | SHAKESPEARE, NICHOLAS |
| 260 ## - PUBLICATION, DISTRIBUTION, ETC. (IMPRINT) | |
| تاريخ النشر أو التوزيع | 1997 |
| 300 ## - الوصف المادى | |
| التعداد | 21 CM ؛ |
| أبعاد الوعاء | XXXIII, 422 P |
| 490 ## - بيان السلسلة | |
| عنوان السلسلة | THE MILLENNIUM LIBRARY |
| رقم المجلد/ التعيين التسلسلي | 235 |
| 650 04 - المدخل الاضافى بالموضوع-مصطلح موضوعى | |
| مصطلح موضوعي | LITERATURE |
| 650 04 - المدخل الاضافى بالموضوع-مصطلح موضوعى | |
| مصطلح موضوعي | SPANISH FICTION |
| 650 04 - المدخل الاضافى بالموضوع-مصطلح موضوعى | |
| مصطلح موضوعي | SPANISH LITERATURE - TRANSLATION |
| 942 ## - عناصر المدخل الإضافي( كوها) | |
| مصدر التصنيف او مخطط الترفيف | Dewey Decimal Classification |
| Koha [default] item type | كتاب |
| 260 ## - PUBLICATION, DISTRIBUTION, ETC. (IMPRINT) | |
| -- | انجلترا : |
| -- | EVERYMAN'S LIBRARY ، |
| حالة التراجع | حالة الفقد | حالة تلف | ليس للاعارة | المكان المؤقت | الموقع الحالى | تاريخ الاكتساب | اجمالي اﻻعارات | رقم الطلب | الباركود | تاريخ اخر مشاهدة | تاريخ تفعيل السعر | نوع وعاء كوها |
|---|---|---|---|---|---|---|---|---|---|---|---|---|
| مكتبة القاهرة الكبرى | مكتبة القاهرة الكبرى | 03/26/2014 | 863\M L | 13168 | 03/26/2014 | 03/26/2014 | كتاب | |||||
| مكتبة القاهرة الكبرى | مكتبة القاهرة الكبرى | 03/26/2014 | 863\M L | 13169 | 03/26/2014 | 03/26/2014 | كتاب |

